| 000 | 00000nam##2200000za#4500 |
| 001 | 9.691933 |
| 003 | CaOODSP |
| 005 | 20210624233005 |
| 007 | cr ||||||||||| |
| 008 | 150407|2007||||xxc|||||o f|0| 0 eng|d |
| 040 | |aCaOODSP|beng |
| 043 | |an-cn--- |
| 086 | 1 |aCP22-90/2007E-PDF |
| 110 | 1 |aCanada. |bPrivy Council Office. |
| 245 | 10|aAccounting officers - guidance on roles, responsibilities and appearances before parliamentary committees |h[electronic resource] |
| 260 | |aOttawa - Ontario : |bPrivy Council Office |c2007. |
| 300 | |a26p. |
| 590 | |a09-05-Supp|b2009-06-25 |
| 690 | 07|aAccounting|2gcpds |
| 690 | 07|aParliamentary committees|2gcpds |
| 775 | 08|tAdministrateurs des comptes - lignes directrices concernant leurs rôles et leurs responsabilités, et leur comparution devant les comités |w(CaOODSP)9.636228 |
| 856 | 40|ahttp://publications.gc.ca|qPDF|s3298 KB|uhttps://publications.gc.ca/collections/collection_2009/bcp-pco/CP22-90-2007E.pdf |